| 000 | 00495nam a22001817a 4500 | ||
|---|---|---|---|
| 003 | CEME | ||
| 005 | 20210628203313.0 | ||
| 008 | 210121b xxu||||| |||| 00| 0 eng d | ||
| 020 | _a0-387-98513-1 | ||
| 040 | _cceme | ||
| 082 | _a620.001171 SAS | ||
| 100 |
_aSastry, Shankar _964588 |
||
| 245 | _aNonlinear systems , analysis, stability, and control | ||
| 260 |
_aNEW YORK _bSPRINGER _c1999 |
||
| 300 | _aXXV,666 P | ||
| 650 |
_aNONLINEAR SYSTEMS, SYSTEM ANALYSIS _964589 |
||
| 942 |
_cBK _2ddc |
||
| 999 |
_c573033 _d573033 |
||